Quick Pick: TV Shows en Español Quiz Stats

 Plays Quiz Updated Mar 24, 2019

Score 0/12 Timer 01:30
0 Plays Today
% Correct
Cómo conocí a tu madre
90.6%
Calle de la Coronación
86.9%
Perdidos
82.5%
La víbora negra
78.8%
Juego de tronos
75.2%
Hermanos de Sangre
73.7%
A dos metros bajo tierra
69%
El ala oeste de la Casa Blanca
67.7%
La conquista del espacio
62.6%
Sacrificios de familia
44.5%
Bajo escucha
40.8%
Corrompiéndose
31.4%

Today's Daily Dose

Missing Word
Celine Dion

Word Ladder
Dr. Seuss Books

Quick Pick
Cities in India

Get the Picture
'A' Actresses

You're not logged in!

Compare scores with friends on all Sporcle quizzes.
OR
Log In

Sporcle TV

Today on Sporcle TV


Watch our educational content, quiz creation guides, and fun videos on Sporcle TV.

Show Comments

Extras

Top Quizzes Today


Score Distribution

Your Account Isn't Verified!

In order to create a playlist on Sporcle, you need to verify the email address you used during registration. Go to your Sporcle Settings to finish the process.

Report this User

Report this user for behavior that violates our Community Guidelines.

Details: